Mortalidad por VIH /SIDA en México: un aporte demográfico /
Guardado en:
| Autor principal: | |
|---|---|
| Otros Autores: | , |
| Formato: | Texto |
| Etiquetas: |
Agregar Etiqueta
Sin Etiquetas, Sea el primero en etiquetar este registro!
|
MARC
| LEADER | 00000 a a2200000 04500 | ||
|---|---|---|---|
| 001 | 47358 | ||
| 003 | |||
| 040 | |||
| 090 | |a REV1520 20(79) 2014 | ||
| 100 | |a Gayet, Cecilia | ||
| 245 | |a Mortalidad por VIH /SIDA en México: |b un aporte demográfico / |c Cecilia Gayet, Virgilio Partida-Bush, Claudio Alberto Dávila-Cervantes | ||
| 700 | |a Partida-Bush, Virgilio | ||
| 700 | |a Dávila-Cervantes, Claudio Alberto | ||
| 773 | |g volumen20, número79, (2014), páginas 9-37 : tablas, gráficos | ||
| 999 | |c 22031 |d 22031 | ||
